Euro 2016 Ultimate Quiz - Statistics

General Stats
  • This quiz has been taken 209 times
    153 since last reset
  • The average score is 12 of 23
Answer Stats
Clue Answer % Correct
Host team France
94%
Group which Ireland are in Group E
93%
Group which England are in Group B
90%
No. of teams 24
89%
British nation competing for the first time Wales or Northern Ireland
87%
Current reigning champions Spain
86%
Top scorer in qualifying Robert Lewandowski
84%
Sweden's top striker Zlatan Ibrahimovic
75%
No. of 3rd placed teams which go through to the knockout stage 4
70%
Team who qualified with 100% record England
67%
Winners in 1988 who surprisingly didn't make it Netherlands
66%
A minnow country also making their debut at the Euros Iceland
60%
Team making their debut at the Euros and have a Napoli midfielder Slovakia
46%
This is their first major tournamant Albania
45%
Team in Group C who have gone 12 games unbeaten Northern Ireland
42%
Place where the final takes place Stade de France
35%
First game France vs Romania
34%
Creator of the official tournament song David Guetta
25%
Competition which the winner goes through to 2017 Confederations Cup
21%
British television broadcasters showing the Euros BBC and ITV
9%
Highest no. of assists in qualifying (Polish striker) Arkaduisz Milik
5%
Goalscorer in the final match Renato Sanches
4%
The mascot's name Super Victor
4%
No matching quizzes found
Score Distribution
Percent of People with Each Score
Percentile by Number Answered
Your Score History
You have not taken this quiz since the last reset